|
|
|
|
| LEADER |
00000cam a2200000 7i4500 |
| 001 |
0000001796 |
| 002 |
000001954 |
| 005 |
20000330.0 |
| 020 |
|
|
|a 9679768279
|
| 090 |
0 |
0 |
|a JF
|b LIN
|
| 100 |
1 |
|
|a Ling, Judy
|
| 245 |
1 |
0 |
|a Greedy cousin Abdul and the Cheeky Mynah
|c Judy Ling
|
| 260 |
|
|
|a Petaling Jaya :
|b Longman ,
|c 1992
|
| 300 |
|
|
|a 30p. :
|b ill ;
|c 21cm.
|
| 490 |
0 |
|
|a Magic box series
|
| 650 |
0 |
0 |
|a Children's stories
|
| 999 |
|
|
|a 034416
|b BUKU
|c JUNIOR FICTION
|e PERPUSTAKAAN KOMUNITI PETALING JAYA
|
| 999 |
|
|
|a 034417
|b BUKU
|c PINJAMAN
|e PERPUSTAKAAN KOMUNITI PETALING JAYA
|
| 999 |
|
|
|a 034418
|b BUKU
|c PINJAMAN
|e PERPUSTAKAAN KOMUNITI PETALING JAYA
|